000 00699nam a2200253Ia 4500
003 OSt
005 20220928111628.0
006 a|||||r|||| 00| 0
007 ta
008 220927b |||||||| |||| 00| 0 hin d
020 _c595
024 _a125379
037 _b60, 05/11/2014, Literacy House
_cTextual
040 _aSDCL
_cSDCL
_bhin
041 _2hin
_ahin
082 _aP152:4k, Q4
100 _aSheshan M
245 0 _aTamil-Hindi sringar kavy tulna
260 _aDelhi
_bHastakshar Prakashan
_c2014
300 _a9;224p
_ccm.
650 _aHindi
_9391598
942 _hP152:4k, Q4
_cTEXL
_2CC
999 _c741126
_d741126